Mergers and acquisitions in banking and finance : what works, what fails, and why (Record no. 9097)

MARC details
000 -LEADER
fixed length control field 00702nam a2200217Ia 4500
008 - FIXED-LENGTH DATA ELEMENTS--GENERAL INFORMATION
fixed length control field 191130s2004##################000#0#eng##
020 ## - INTERNATIONAL STANDARD BOOK NUMBER
International Standard Book Number 9780195159004
022 ## - INTERNATIONAL STANDARD SERIAL NUMBER
International Standard Serial Number 2003015483
040 ## - CATALOGING SOURCE
Original cataloging agency ACL
Transcribing agency ACL
082 ## - DEWEY DECIMAL CLASSIFICATION NUMBER
Classification number 332.10681 WAL
100 ## - MAIN ENTRY--PERSONAL NAME
Personal name Walter, Ingo
245 ## - TITLE STATEMENT
Title Mergers and acquisitions in banking and finance : what works, what fails, and why
Statement of responsibility, etc. Ingo Walter
260 ## - PUBLICATION, DISTRIBUTION, ETC.
Place of publication, distribution, etc. Oxford
Name of publisher, distributor, etc. Oxford University Press
Date of publication, distribution, etc. 2004
300 ## - PHYSICAL DESCRIPTION
Extent ix, 307 p. : ill. ; 24 cm
500 ## - GENERAL NOTE
General note Includes bibliographical references (p. 289-299) and index
650 ## - SUBJECT ADDED ENTRY--TOPICAL TERM
Topical term or geographic name entry element Bank mergers
Topical term or geographic name entry element Financial institutions - Mergers
990 ## - EQUIVALENCES OR CROSS-REFERENCES [LOCAL, CANADA]
Link information for 9XX fields a720b7d3ac10000c1640c29da6eb28c8
991 ## -
-- 417887
Holdings
Withdrawn status Lost status Materials specified (bound volume or other part) Damaged status Not for loan Home library Current library Shelving location Date acquired Total Checkouts Full call number Barcode Date last seen Price effective from Koha item type
    hbk     Anna Centenary Library Anna Centenary Library 4TH FLOOR, A WING 09.10.2020   332.10681 WAL 187372 09.10.2020 09.10.2020 English Books

Find us on the map